000 00655nam a2200169 4500
001 140253
003 ES-MaACL
005 20230906200036.0
007 t|
008 070214s1909 sp r ||||1| spa d
100 1 _aSegovia y Corrales, Isidro de.
_9105160
245 1 1 _a[De la enseñanza en España
_b: sus defectos y sus remedios] : Discurso leído en la solemne apertura del curso de 1909 a 1910 /
_cIsidro de Segovia y Corrales.
260 _aSalamanca :
_b[s. n.],
_c1909 (
_fImp. y Lib. de Francisco Núñez)
500 _aPrecede al tít.: Universidad de Salamanca.
710 2 _aUniversidad de Salamanca.
_97275
852 _aES-MaACL
_jT-1181-F-7
999 _c140253
_d140253